000 01067nam a22003377a 4500
003 CHAP
005 20220329134858.0
008 971013s1982 r 00010 d
010 _a27380
011 _a28352
035 _a32456
040 _cCHAP
082 _a338.176
_bK4
100 0 0 _aKempster, Tony.
_963002
245 _aCarcase evaluation livestock breeding production and marketing
260 _aLondon :
_bGranada,
_c1982
300 _a306 p.
_b: ilus. ; gráfs.
590 _aBATCH-UPD
_b10
_c20130110
_lUCH01
_h1557
590 _aBATCH-UPD
_b10
_c20130410
_lUCH01
_h0954
590 _aBATCH-UPD
_b10
_c20130914
_lUCH01
_h0846
590 _aCONVERSION
_b10
_c20130109
_lUCH01
_h1316
650 1 4 _aCarne en canal.
_919226
650 1 4 _aCarne
_xMercadeo.
_919090
650 1 4 _aCarne
_xProducción.
_919109
650 1 4 _aProductos pecuarios.
_992156
700 0 _aCuthbertson, Alastair.
_930755
700 0 _aHarrington, Geoff.
_952835
901 _aBK
942 _cLIBRO
949 _a338.176 K4
_bBC
_cLIBRO
_d33724000414751
_eLIBRO
_gI. 125452
_h64663
_i32456
_si
999 _c27380
_d27380